000 01297nac a22003491i 4500
003 EG-ScBUE
005 20241003085638.0
008 241003t2005 maua f 001 0 eng d
020 _a9780321243355
020 _a0321243358
040 _aEG-ScBUE
_beng
_erda
_cEG-ScBUE
_dEG-ScBUE
082 0 4 _a515
_bWEI
_222
100 1 _aWeir, Maurice D.,
_eauthor.
245 1 0 _aThomas' calculus :
_bbased on the original work by George B. Thomas, Jr. /
_cas revised by Maurice D. Weir, Naval Postgraduate School, Joel Hass, University of California, Davis, Frank R. Giordano, Naval Postgraduate School.
246 3 0 _aCalculus
250 _aEleventh edition.
250 _aInternational edition.
264 1 _aBoston :
_bPearson Addison-Wesley,
_c[2005]
264 4 _cc2005
300 _axvi, 1228, [148] pages :
_billustrations (some color) ;
_c26 cm
336 _2rdacontent
_atext
_btxt
337 _aunmediated
_2rdamedia
_bn
338 _avolume
_bnc
_2rdacarrier
500 _aIncludes index.
600 1 7 _2BUEsh
_aThomas, George B.,‏
_cJr.‏
_q(George Brinton),‏
_d1914-2006‏.
650 7 _aCalculus.
_2BUEsh
650 7 _aGeometry, Analytic.
_2BUEsh
655 _vReading book
700 1 _aHass, Joel,
_erevisor.
700 1 _aGiordano, Frank R.,
_erevisor.
942 _cBB
_2ddc
999 _c50
_d50